| 000 | 00644nam a22002057a 4500 | ||
|---|---|---|---|
| 999 |
_c14246 _d14246 |
||
| 003 | MIRAKIL | ||
| 005 | 20201201135358.0 | ||
| 008 | 201201b tu ||||| |||| 00| 0 tur d | ||
| 040 |
_aTR-AnCHP _btur _cTR-AnCHP |
||
| 082 |
_a410 _bH27ö 1981 |
||
| 100 | _aHatiboğlu, Vecihe | ||
| 245 |
_aÖlümsüz Atatürk ve dil devrimi/ _cVecihe Hatiboğlu. |
||
| 260 |
_aAnkara: _bTürk Dil Kurumu, _c1981. |
||
| 300 |
_a69 s.: _c19 sm. |
||
| 490 |
_aDil Konuları dizisi ; _v23. |
||
| 600 |
_aAtatürk, Mustafa Kemal _d1881-1938 _xAtatürk devrimleri |
||
| 600 |
_aAtatürk, Mustafa Kemal _d1881-1938 _xDil devrimi |
||
| 942 |
_2ddc _cBKS |
||
| 999 | _d14246 | ||